[Event "Speed Chess Q1 Sw"]
[Site "Chess.com INT"]
[Date "2023.08.21"]
[Round "8"]
[White "Durarbayli, Vasif"]
[Black "Kumaran, Bajali"]
[Result "1-0"]
[WhiteElo "2631"]
[BlackElo "2298"]
[PlyCount "59"]
[EventDate "2023.08.21"]
[EventType "k.o. (blitz)"]
[EventRounds "14"]
[EventCountry "USA"]
[SourceTitle "CBM 215 Extra"]
[Source "ChessBase"]
[SourceDate "2023.09.30"]
[SourceVersion "1"]
[SourceVersionDate "2023.09.30"]
[SourceQuality "1"]

1. e4 c5 2. Nf3 Nc6 3. Bb5 g6 4. 0-0 Bg7 5. c3 Nf6 6. Re1 0-0 7. d4 cxd4 8. cxd4 d5 9. e5 Ne4 10. Be3 Qb6 11. Bxc6 bxc6 12. Qc1 Rb8 13. b3 f6 14. Nc3 Bg4 15. Nxe4 dxe4 16. Nd2 fxe5 17. d5 Qb5 18. Qxc6 Rfc8 19. Qxb5 Rxb5 20. Bxa7 Rxd5 21. Nxe4 Rc2 22. Be3 Bf5 23. f3 Rd3 24. b4 Ra3 25. b5 Raxa2 26. Rxa2 Rxa2 27. Rb1 Bxe4 28. fxe4 Ra8 29. b6 Rb8 30. b7 1-0

[Event "Speed Chess Q1 Sw"]
[Site "Chess.com INT"]
[Date "2023.08.21"]
[Round "12"]
[White "Plazuelo Pascual, Juan"]
[Black "Kumaran, Bajali"]
[Result "1-0"]
[WhiteElo "2454"]
[BlackElo "2298"]
[PlyCount "95"]
[EventDate "2023.08.21"]
[EventType "k.o. (blitz)"]
[EventRounds "14"]
[EventCountry "USA"]
[SourceTitle "CBM 215 Extra"]
[Source "ChessBase"]
[SourceDate "2023.09.30"]
[SourceVersion "1"]
[SourceVersionDate "2023.09.30"]
[SourceQuality "1"]

1. e4 c5 2. Nc3 Nc6 3. Bb5 g6 4. Bxc6 dxc6 5. d3 Bg7 6. f4 Nf6 7. Nf3 0-0 8. 0-0 b6 9. Qe1 Bg4 10. Ne5 Qc7 11. Qh4 Bc8 12. h3 Nd7 13. Nf3 f6 14. Qf2 e5 15. f5 Rd8 16. Qh4 Nf8 17. g4 a5 18. g5 Qe7 19. gxf6 Bxf6 20. Bg5 Bxg5 21. Nxg5 Rd6 22. Kh2 Ra7 23. Rg1 Kh8 24. Raf1 Qg7 25. Qf2 Rf6 26. Qg3 gxf5 27. Qxe5 Rg6 28. Qb8 Qc7+ 29. Qxc7 Rxc7 30. exf5 Rf6 31. Nce4 Rxf5 32. Rxf5 Bxf5 33. Rf1 Bxe4 34. Rxf8+ Kg7 35. Ne6+ Kg6 36. Nxc7 Bf5 37. Rb8 b5 38. Na6 c4 39. dxc4 bxc4 40. c3 Kg5 41. Rb6 Be4 42. Nb8 Kf4 43. Nxc6 Ke3 44. Nxa5 Kd3 45. Nxc4 Kxc4 46. Rb4+ Kd3 47. Rxe4 Kxe4 48. a4 1-0

[Event "Chennai op 9th"]
[Site "Chennai"]
[Date "2017.01.25"]
[Round "10"]
[White "Mohammed Abdul, Malek"]
[Black "Kumaran, Bajali"]
[Result "0-1"]
[WhiteElo "2176"]
[BlackElo "2303"]
[PlyCount "41"]
[EventDate "2017.01.18"]
[EventType "swiss"]
[EventRounds "10"]
[EventCountry "IND"]
[SourceTitle "CBM 176 Extra"]
[Source "ChessBase"]
[SourceDate "2017.03.02"]
[SourceVersion "1"]
[SourceVersionDate "2017.03.02"]
[SourceQuality "1"]

1. d4 Nf6 2. c4 e6 3. Nf3 b6 4. Nc3 d5 5. Bg5 Be7 6. e3 0-0 7. Bd3 Nbd7 8. 0-0 h6 9. Bh4 c5 10. Rc1 cxd4 11. exd4 dxc4 12. Bxc4 Nh5 13. Bg3 Bg5 14. Bf4 Bxf4 15. Ne4 Qh4 16. Ng3 Rd8 17. Re1 Re8 18. Qd3 Qg5 19. b4 g6 20. Re5 Qh4 21. Re2 0-1

[Event "Chennai op 9th"]
[Site "Chennai"]
[Date "2017.01.21"]
[Round "4"]
[White "Priyanka, Nutakki"]
[Black "Kumaran, Bajali"]
[Result "0-1"]
[WhiteElo "1944"]
[BlackElo "2303"]
[PlyCount "74"]
[EventDate "2017.01.18"]
[EventType "swiss"]
[EventRounds "10"]
[EventCountry "IND"]
[SourceTitle "CBM 176 Extra"]
[Source "ChessBase"]
[SourceDate "2017.03.02"]
[SourceVersion "1"]
[SourceVersionDate "2017.03.02"]
[SourceQuality "1"]

1. e4 c5 2. Nf3 e6 3. d4 cxd4 4. Nxd4 a6 5. Nc3 Qc7 6. Be3 Nf6 7. f3 Bb4 8. Qd2 d5 9. Nde2 dxe4 10. a3 Be7 11. fxe4 Nc6 12. Nc1 0-0 13. Nd3 b5 14. Be2 Bb7 15. Bf3 Rfd8 16. Qf2 Nd7 17. 0-0 Nce5 18. Bh5 Nf6 19. Bb6 Nxd3 20. cxd3 Qe5 21. Be2 Rf8 22. Bf3 Rac8 23. Be3 Qb8 24. Rad1 Qa8 25. Qg3 Kh8 26. Kh1 Bxa3 27. Nxb5 axb5 28. Ra1 b4 29. Bc1 Qa6 30. Rd1 Rfd8 31. Bg5 Rxd3 32. Rxd3 Qxd3 33. Bxf6 gxf6 34. Rd1 Qe3 35. bxa3 bxa3 36. e5 Rg8 37. Qh4 Qxf3 0-1

[Event "IND-ch U19"]
[Site "Dindigul"]
[Date "2015.07.31"]
[Round "11"]
[White "Karthikeyan, Murali"]
[Black "Kumaran, Bajali"]
[Result "1/2-1/2"]
[WhiteElo "2509"]
[BlackElo "2254"]
[PlyCount "87"]
[EventDate "2015.07.23"]
[EventType "swiss"]
[EventRounds "11"]
[EventCountry "IND"]
[SourceTitle "EXT 2016"]
[Source "ChessBase"]
[SourceDate "2015.10.08"]
[SourceVersion "1"]
[SourceVersionDate "2015.10.08"]
[SourceQuality "1"]

1. e4 c5 2. Nf3 Nc6 3. Nc3 e5 4. Bc4 Be7 5. d3 Nf6 6. Ng5 0-0 7. f4 exf4 8. Bxf4 d6 9. 0-0 h6 10. Nf3 Be6 11. Nd5 Bxd5 12. exd5 Nb4 13. Bd2 Nbxd5 14. Nh4 Nb6 15. Nf5 Kh7 16. Qf3 d5 17. Rae1 Ng8 18. Bb3 Bf6 19. c3 g6 20. Nxh6 Nxh6 21. Qxf6 Qxf6 22. Rxf6 Nf5 23. g4 Nd7 24. Rxf5 gxf5 25. Re7 Nb6 26. Rxb7 fxg4 27. Be3 Kg6 28. Bxc5 Rfb8 29. Rc7 Rc8 30. Rxc8 Rxc8 31. Bd4 Rc6 32. a4 a5 33. Bd1 f5 34. Kf2 Nd7 35. b4 axb4 36. cxb4 Rc1 37. Ke2 Rb1 38. b5 f4 39. Kd2 f3 40. Kc2 Rb4 41. Kc3 Rb1 42. Kc2 Rb4 43. Kc3 Rb1 44. Kc2 1/2-1/2

[Event "IND-ch U19"]
[Site "Dindigul"]
[Date "2015.07.28"]
[Round "8"]
[White "Kumaran, Bajali"]
[Black "Dhulipalla, Bala Chandra Prasad"]
[Result "1-0"]
[WhiteElo "2254"]
[BlackElo "2207"]
[PlyCount "95"]
[EventDate "2015.07.23"]
[EventType "swiss"]
[EventRounds "11"]
[EventCountry "IND"]
[SourceTitle "EXT 2016"]
[Source "ChessBase"]
[SourceDate "2015.10.08"]
[SourceVersion "1"]
[SourceVersionDate "2015.10.08"]
[SourceQuality "1"]

1. e4 c5 2. Nf3 Nc6 3. Bb5 e6 4. 0-0 Nge7 5. b3 a6 6. Bxc6 Nxc6 7. Bb2 f6 8. d4 cxd4 9. Nxd4 Be7 10. Qh5+ g6 11. Qh6 Ne5 12. Rd1 Nf7 13. Qh4 Qc7 14. c4 0-0 15. Ba3 d6 16. Qg3 Bd7 17. Nc3 b5 18. cxb5 Qa5 19. Bb2 axb5 20. Nce2 Rfc8 21. Nf4 e5 22. Nd5 Bd8 23. Nf5 Rc2 24. Rab1 Rd2 25. a3 Kf8 26. Nfe3 Rxd1+ 27. Rxd1 Rc8 28. f4 Be6 29. f5 Bxd5 30. Nxd5 Qa7+ 31. Kh1 Rc2 32. Bc1 gxf5 33. exf5 Qc5 34. Qe3 Qc6 35. h4 Rc5 36. Nb4 Qb7 37. Bb2 Bb6 38. Qe2 d5 39. Qf3 e4 40. Qh5 Ba5 41. Bxf6 Bxb4 42. Qxh7 Rc6 43. Qg7+ Ke8 44. axb4 Rxf6 45. Qxf6 Qc7 46. Qe6+ Kf8 47. f6 e3 48. Qxe3 1-0

[Event "IND-ch U19"]
[Site "Dindigul"]
[Date "2015.07.26"]
[Round "5"]
[White "Kumar, Gaurav"]
[Black "Kumaran, Bajali"]
[Result "1/2-1/2"]
[WhiteElo "2092"]
[BlackElo "2254"]
[PlyCount "83"]
[EventDate "2015.07.23"]
[EventType "swiss"]
[EventRounds "11"]
[EventCountry "IND"]
[SourceTitle "EXT 2016"]
[Source "ChessBase"]
[SourceDate "2015.10.08"]
[SourceVersion "1"]
[SourceVersionDate "2015.10.08"]
[SourceQuality "1"]

1. e4 c5 2. Nf3 Nc6 3. Nc3 Nf6 4. Bb5 a6 5. Bxc6 dxc6 6. h3 g6 7. d3 Bg7 8. Be3 b6 9. Qd2 0-0 10. Bh6 Ne8 11. 0-0 f6 12. Rad1 e5 13. Nh2 g5 14. Bxg7 Nxg7 15. Ne2 Ra7 16. c3 Rd7 17. Qc2 Kh8 18. Nf3 Ne6 19. Rd2 a5 20. Rfd1 Ba6 21. Ng3 Rg8 22. Nf5 g4 23. hxg4 Rxg4 24. d4 exd4 25. cxd4 cxd4 26. N3xd4 Nf4 27. Ne6 Ne2+ 28. Kh1 Qe8 29. Nfg7 Rgxg7 30. Nxg7 Rxd2 31. Qxd2 Kxg7 32. Qd7+ Qxd7 33. Rxd7+ Kg6 34. Rd6 Kg5 35. Rxc6 a4 36. Rxb6 Bc4 37. Rb4 Bxa2 38. Rxa4 Bb3 39. Rb4 Bc2 40. g3 f5 41. exf5 Bxf5 42. Kg2 1/2-1/2

[Event "IND-ch U19"]
[Site "Dindigul"]
[Date "2015.07.24"]
[Round "3"]
[White "Gajwa, Ankit"]
[Black "Kumaran, Bajali"]
[Result "1-0"]
[WhiteElo "2107"]
[BlackElo "2254"]
[PlyCount "69"]
[EventDate "2015.07.23"]
[EventType "swiss"]
[EventRounds "11"]
[EventCountry "IND"]
[SourceTitle "EXT 2016"]
[Source "ChessBase"]
[SourceDate "2015.10.08"]
[SourceVersion "1"]
[SourceVersionDate "2015.10.08"]
[SourceQuality "1"]

1. e4 e5 2. Nf3 Nc6 3. Bb5 a6 4. Ba4 Nf6 5. 0-0 Be7 6. Re1 b5 7. Bb3 d6 8. c3 0-0 9. h3 Nb8 10. d4 Nbd7 11. Nbd2 Bb7 12. Bc2 Re8 13. Nf1 Bf8 14. Bg5 h6 15. Bh4 exd4 16. cxd4 g5 17. Nxg5 hxg5 18. Bxg5 Bg7 19. Ng3 Qc8 20. Nf5 Nh7 21. Qg4 Kh8 22. Nxg7 Kxg7 23. e5 Nxe5 24. Bh6+ Kxh6 25. Qh4+ Kg7 26. Qxh7+ Kf6 27. dxe5+ Rxe5 28. f4 Re6 29. Qh4+ Kg7 30. Qg5+ Kh8 31. Bf5 Rxe1+ 32. Rxe1 Qf8 33. Qh4+ Kg7 34. Qh7+ Kf6 35. g4 1-0

[Event "IND-ch U19"]
[Site "Dindigul"]
[Date "2015.07.23"]
[Round "1"]
[White "Subhayan, Kundu"]
[Black "Kumaran, Bajali"]
[Result "0-1"]
[WhiteElo "1801"]
[BlackElo "2254"]
[PlyCount "78"]
[EventDate "2015.07.23"]
[EventType "swiss"]
[EventRounds "11"]
[EventCountry "IND"]
[SourceTitle "EXT 2016"]
[Source "ChessBase"]
[SourceDate "2015.10.08"]
[SourceVersion "1"]
[SourceVersionDate "2015.10.08"]
[SourceQuality "1"]

1. e4 c5 2. Nf3 Nc6 3. d4 cxd4 4. Nxd4 e5 5. Nb5 Nf6 6. N1c3 d6 7. Bg5 a6 8. Na3 b5 9. Nd5 Be7 10. Bxf6 Bxf6 11. c3 Ne7 12. Nxe7 Bxe7 13. Nc2 Bb7 14. Bd3 0-0 15. Ne3 Bg5 16. Qe2 Bxe3 17. Qxe3 f5 18. Rd1 Qh4 19. g3 Qe7 20. Bc2 Kh8 21. Rg1 f4 22. Qd3 Rad8 23. Bb3 Bc8 24. Rd2 Rf6 25. Bd5 Rdf8 26. gxf4 Rxf4 27. Rg3 Bg4 28. Bc6 Qa7 29. Qe3 Qf7 30. Bd5 Qf6 31. Bb7 Bf3 32. Qd3 Qf7 33. Qd5 Rxe4+ 34. Qxe4 Bxe4 35. Bxe4 Qxa2 36. Rh3 h6 37. Rhd3 Qb1+ 38. Ke2 Rf4 39. Ke3 Qe1+ 0-1

[Event "IND-ch U19 44th"]
[Site "Mumbai"]
[Date "2014.07.17"]
[Round "10"]
[White "Kumaran, Bajali"]
[Black "Krishna Teja, N."]
[Result "1-0"]
[WhiteElo "2283"]
[BlackElo "2222"]
[PlyCount "55"]
[EventDate "2014.07.10"]
[EventType "swiss"]
[EventRounds "11"]
[EventCountry "IND"]
[SourceTitle "EXT 2016"]
[Source "ChessBase"]
[SourceDate "2015.10.08"]
[SourceVersion "1"]
[SourceVersionDate "2015.10.08"]
[SourceQuality "1"]

1. e4 c5 2. Nf3 e6 3. d4 cxd4 4. Nxd4 a6 5. c4 Nf6 6. Nc3 Bb4 7. Bd3 Qc7 8. 0-0 Nc6 9. Nxc6 dxc6 10. Be3 Bxc3 11. bxc3 c5 12. Bg5 Nd7 13. f4 e5 14. f5 Nf6 15. Bxf6 gxf6 16. Be2 Bd7 17. Bh5 Bc6 18. Qd3 b6 19. Rad1 Ke7 20. Qe3 Qb7 21. Qh6 Rag8 22. Bxf7 Kxf7 23. Rd6 Qe7 24. Rxc6 Qd8 25. Qh5+ Kf8 26. Rd1 Qe7 27. Qh6+ Kf7 28. Re6 1-0

[Event "IND-ch U19 44th"]
[Site "Mumbai"]
[Date "2014.07.15"]
[Round "8"]
[White "Kumaran, Bajali"]
[Black "Rahul, Srivatshav P"]
[Result "1-0"]
[WhiteElo "2283"]
[BlackElo "1923"]
[PlyCount "133"]
[EventDate "2014.07.10"]
[EventType "swiss"]
[EventRounds "11"]
[EventCountry "IND"]
[SourceTitle "EXT 2016"]
[Source "ChessBase"]
[SourceDate "2015.10.08"]
[SourceVersion "1"]
[SourceVersionDate "2015.10.08"]
[SourceQuality "1"]

1. e4 c5 2. Nf3 Nc6 3. b3 d6 4. Bb2 Nf6 5. Nc3 g6 6. Nd5 e5 7. Nxf6+ Qxf6 8. h3 Bg7 9. Bc4 0-0 10. Qe2 a6 11. 0-0 Be6 12. a4 Rad8 13. Rfe1 Rfe8 14. Rad1 d5 15. exd5 Bxd5 16. Bxd5 Rxd5 17. Qc4 Red8 18. Re2 Qd6 19. Ba3 Rc8 20. Qh4 Nd4 21. Nxd4 Rxd4 22. Qg3 Re8 23. Bb2 Rd5 24. d3 Rd8 25. Rde1 f6 26. a5 Qc7 27. Bc3 R5d7 28. Qh4 Rf8 29. Qg3 Rfd8 30. Qg4 Qd6 31. h4 Kf7 32. h5 Rh8 33. Qh4 g5 34. Qg3 Re8 35. Qf3 Kg8 36. Re4 Qc6 37. Qe3 Bf8 38. Qf3 Bg7 39. Qh3 Qe6 40. Qg3 Qd6 41. Rc4 Kf7 42. Qg4 Rde7 43. b4 Rc7 44. bxc5 Qe6 45. Qf3 Rec8 46. Rxe5 Qc6 47. Rd5 Re7 48. h6 Bh8 49. Qf5 Kg8 50. Rd6 Qe8 51. Re4 Rxe4 52. dxe4 Rc7 53. Qd5+ Kf8 54. Rd8 Re7 55. Rxe8+ Rxe8 56. Qxb7 Re7 57. c6 Rxb7 58. cxb7 Kf7 59. b8Q f5 60. Qxh8 fxe4 61. Qf6+ Ke8 62. Qg7 Kd8 63. Bf6+ Kc8 64. Be5 Kd8 65. Bd6 e3 66. Qe7+ Kc8 67. Qc7# 1-0

[Event "IND-ch U19 44th"]
[Site "Mumbai"]
[Date "2014.07.14"]
[Round "7"]
[White "Raja, Harshit"]
[Black "Kumaran, Bajali"]
[Result "1/2-1/2"]
[WhiteElo "2057"]
[BlackElo "2283"]
[PlyCount "35"]
[EventDate "2014.07.10"]
[EventType "swiss"]
[EventRounds "11"]
[EventCountry "IND"]
[SourceTitle "EXT 2016"]
[Source "ChessBase"]
[SourceDate "2015.10.08"]
[SourceVersion "1"]
[SourceVersionDate "2015.10.08"]
[SourceQuality "1"]

1. e4 c5 2. Nf3 Nc6 3. d4 cxd4 4. Nxd4 e5 5. Nb5 Nf6 6. N1c3 d6 7. Bg5 a6 8. Na3 b5 9. Nd5 Be7 10. Bxf6 Bxf6 11. c4 b4 12. Nc2 0-0 13. Ncxb4 Nxb4 14. Nxb4 Be6 15. Nd5 Rb8 16. Rb1 Bg5 17. Be2 f5 18. 0-0 1/2-1/2

[Event "IND-chB 52nd"]
[Site "Dharamshala"]
[Date "2014.05.15"]
[Round "9"]
[White "Kumaran, Bajali"]
[Black "Deepan Chakkravarthy, J."]
[Result "0-1"]
[WhiteElo "2294"]
[BlackElo "2513"]
[PlyCount "66"]
[EventDate "2014.05.09"]
[EventType "swiss"]
[EventRounds "13"]
[EventCountry "IND"]
[SourceTitle "CBM 160 Extra"]
[Source "ChessBase"]
[SourceDate "2014.07.01"]
[SourceVersion "1"]
[SourceVersionDate "2014.07.01"]
[SourceQuality "1"]

1. e4 e6 2. d4 d5 3. Nc3 Nf6 4. e5 Nfd7 5. Nce2 c5 6. c3 Nc6 7. f4 Be7 8. Nf3 0-0 9. g3 f6 10. Bh3 fxe5 11. Bxe6+ Kh8 12. Bxd5 cxd4 13. 0-0 d3 14. Qxd3 Nf6 15. c4 Bh3 16. Be3 Bxf1 17. Rxf1 Nb4 18. Qb3 Nfxd5 19. cxd5 e4 20. Ng5 Qxd5 21. Ne6 Qxb3 22. axb3 Rfc8 23. Nc3 Bf6 24. Nxe4 Bxb2 25. Rd1 a5 26. Rd7 b5 27. f5 a4 28. f6 Re8 29. f7 Rxe6 30. Ra7 Rc8 31. Rc7 Rc6 32. Re7 Rf8 33. Nc5 Nd5 0-1

[Event "IND-chB 52nd"]
[Site "Dharamshala"]
[Date "2014.05.13"]
[Round "7"]
[White "Kumaran, Bajali"]
[Black "Prince, Bajaj"]
[Result "1/2-1/2"]
[WhiteElo "2294"]
[BlackElo "2318"]
[PlyCount "43"]
[EventDate "2014.05.09"]
[EventType "swiss"]
[EventRounds "13"]
[EventCountry "IND"]
[SourceTitle "CBM 160 Extra"]
[Source "ChessBase"]
[SourceDate "2014.07.01"]
[SourceVersion "1"]
[SourceVersionDate "2014.07.01"]
[SourceQuality "1"]

1. e4 c5 2. Nf3 e6 3. d4 cxd4 4. Nxd4 Nc6 5. Nc3 Qc7 6. Be2 a6 7. 0-0 Nf6 8. Be3 Be7 9. f4 d6 10. Bf3 0-0 11. Kh1 Re8 12. Qe1 Nxd4 13. Bxd4 e5 14. Be3 exf4 15. Bxf4 Be6 16. Qg3 Nd7 17. Bh5 Ne5 18. Ne2 g6 19. Nd4 Bf8 20. Be2 Bg7 21. Rad1 Bc4 22. Bxc4 1/2-1/2

[Event "IND-chB 52nd"]
[Site "Dharamshala"]
[Date "2014.05.13"]
[Round "6"]
[White "Kunte, Abhijit"]
[Black "Kumaran, Bajali"]
[Result "1/2-1/2"]
[WhiteElo "2484"]
[BlackElo "2294"]
[PlyCount "73"]
[EventDate "2014.05.09"]
[EventType "swiss"]
[EventRounds "13"]
[EventCountry "IND"]
[SourceTitle "CBM 160 Extra"]
[Source "ChessBase"]
[SourceDate "2014.07.01"]
[SourceVersion "1"]
[SourceVersionDate "2014.07.01"]
[SourceQuality "1"]

1. Nf3 Nf6 2. d4 e6 3. c4 b6 4. g3 Ba6 5. b3 Bb4+ 6. Bd2 Be7 7. Nc3 c6 8. e4 d5 9. e5 Ne4 10. Bd3 Nxc3 11. Bxc3 c5 12. dxc5 Bxc5 13. 0-0 Bb7 14. Qe2 dxc4 15. Be4 Bxe4 16. Qxe4 Qd5 17. Qg4 Qd3 18. Rac1 0-0 19. Rfd1 Qf5 20. Qxf5 exf5 21. bxc4 Nc6 22. Rd7 Rfd8 23. Rcd1 Be7 24. R1d5 Kf8 25. Rc7 Rdc8 26. Rdd7 Ke8 27. e6 fxe6 28. Bxg7 Bd8 29. Rb7 Rab8 30. Ne5 Rxb7 31. Rxb7 Be7 32. Nxc6 Rxc6 33. Rxa7 Rxc4 34. Ra8+ Kf7 35. Ra7 Ke8 36. Ra8+ Kf7 37. Ra7 1/2-1/2